000 00667nam a22001817a 4500
999 _c11452
_d11452
003 AR-CdUCM
008 190404b ||||| |||| 00| 0 spa d
040 _aMUNICIPALIDAD PROVINCIAL DEL CUSCO
_cBIBLIOTECA MUNICIPAL DEL CUSCO
082 _a914.57 /
_bC M26 / 1940
100 _aMárquez Eyzaguirre, Luis Guillermo
_928821
245 _aBajo el sol de Italia :
_bbel-la Napoli /
260 _aCuzco :
_bH. G. Rozas Sucesores,
_c1940.
300 _a251 páginas ;
_c21 cm.
505 _aHermosa Nápoles -- Patria querida -- Gajes del oficio -- Nápoles cristiana -- Milagros del arte ...
650 _aDiario de viaje
_928822
942 _2ddc
_cLIBROS
945 _aacv